| 000 | 00503nam a2200169 4500 | ||
|---|---|---|---|
| 001 | 128041 | ||
| 003 | ES-MaACL | ||
| 005 | 20230906193140.0 | ||
| 007 | t| | ||
| 008 | 070214s1966 sp r ||||1| spa d | ||
| 100 | 1 |
_aRioux, Lucien. _997412 |
|
| 245 | 1 | 1 |
_a¿Qué es el sindicalismo? / _cLucien Rioux ; traducción de Jesús Castellote López. |
| 260 |
_aMadrid : _bZyx, _c1966. |
||
| 300 |
_a150 p. ; _c18 cm. |
||
| 700 | 1 |
_aCastellote López, Jesús. _936579 |
|
| 852 |
_aES-MaACL _jC-29676 _bR.59904 |
||
| 999 |
_c128041 _d128041 |
||